000 00823cam a2200277 a 4500
001 3751950
003 OSt
005 20250901165801.0
008 821130s1983 mdua b 001 0 eng
010 _a 82023710
020 _a0683072056 (pbk.)
040 _aDLC
_cDLC
_dDLC
050 0 0 _aRM 735 .R4 1983
_b.R4 1983
082 0 0 _a615.8/5152/023
_219
100 1 _aReed, Kathlyn L.
245 1 0 _aConcepts of occupational therapy /
_cKathlyn L. Reed, Sharon R. Sanderson.
250 _a2nd ed.
260 _aBaltimore :
_bWilliams & Wilkins,
_cc1983.
300 _axvi, 284 p. :
_bill. ;
_c23 cm.
500 _aIncludes index.
504 _aIncludes bibliography.
650 0 _aOccupational therapy.
700 1 _aSanderson, Sharon Nelson.
906 _a7
_bcbc
_corignew
_d1
_eocip
_f19
_gy-gencatlg
942 _2lcc
_cBK
999 _c9197
_d9197